Technology and industrial development in pre-war japan : Mitsubishi Nagasaki shipyard
محفوظ في:
| المؤلف الرئيسي: | |
|---|---|
| التنسيق: | كتاب |
| اللغة: | Undetermined |
| منشور في: |
New York
Routledge
1992
|
| الموضوعات: | |
| الوسوم: |
إضافة وسم
لا توجد وسوم, كن أول من يضع وسما على هذه التسجيلة!
|
| Thư viện lưu trữ: | Trung tâm Học liệu Trường Đại học Cần Thơ |
|---|
| LEADER | 00669nam a2200229Ia 4500 | ||
|---|---|---|---|
| 001 | CTU_88559 | ||
| 008 | 210402s9999 xx 000 0 und d | ||
| 082 | |a 338.4 | ||
| 082 | |b Y94 | ||
| 100 | |a Yukiko, Fukasaku | ||
| 245 | 0 | |a Technology and industrial development in pre-war japan : | |
| 245 | 0 | |b Mitsubishi Nagasaki shipyard | |
| 245 | 0 | |c Fukasaku Yukiko | |
| 260 | |a New York | ||
| 260 | |b Routledge | ||
| 260 | |c 1992 | ||
| 650 | |a Shipbuilding industry,Technology transfer | ||
| 650 | |x History,History | ||
| 650 | |y 20th century,20th century | ||
| 650 | |z Japan,Japan | ||
| 904 | |i Năm,Hải | ||
| 980 | |a Trung tâm Học liệu Trường Đại học Cần Thơ | ||